| 000 | 00967cab a22001935a 4500 | ||
|---|---|---|---|
| 001 | L144822 | ||
| 008 | 080812s2008 xxko f 000 0 eng d | ||
| 035 | _a(Sirsi) u144822 | ||
| 041 | 0 | _aeng | |
| 100 | 1 | _aFitzgerald, Shaun | |
| 245 | 0 | 0 | _aNever too cool for school |
| 260 | _c2008 | ||
| 490 |
_aBuilding Services Journal _vJune 2008, 50-52(3) |
||
| 520 | _aArticle discusses the applications of a ventilation system that recycles heat generated in classrooms. The e-stack system works by using expended heat to heat air being drawn into a ventilation system, saving on energy costs associated with using seperate heating elements to do this. In controlled laboratory tests, the e-stack system significantly out-performed traditional ventilation/heating systems, matching the positive results found with similar systems in New Zealand. | ||
| 651 | 4 |
_aUnited Kingdom _y |
|
| 690 | _aBUILT ENVIRONMENT-CONSTRUCTION DESIGN | ||
| 700 | 1 | _aWoods, Andy | |
| 942 | _n0 | ||
| 999 |
_c80603 _d80603 |
||